[Event "Sunway Sitges Online Open"]
[Site "chess.com INT"]
[Date "2020.04.26"]
[Round "8.41"]
[White "Piliposyan, Robert"]
[Black "Gokhale, Rishabh Chandrashekhar"]
[Result "1/2-1/2"]
[WhiteElo "2199"]
[BlackElo "1852"]
[WhiteFideId "13309978"]
[BlackFideId "35007416"]
[EventDate "2020.04.19"]

1. e4 e5 2. Nf3 Nc6 3. Bc4 Bc5 4. d3 Nf6 5. c3 d6 6. Bb3 O-O 7. Nbd2 a6 8. O-O
Ba7 9. h3 Ne7 10. Re1 Ng6 11. Nf1 c6 12. Ng3 a5 13. d4 Re8 14. Bc2 Be6 15. Ng5
Qc7 16. Nxe6 fxe6 17. Be3 Nf4 18. Qf3 g5 19. Rad1 Rf8 20. Bb3 Kh8 21. Ne2 Qe7
22. dxe5 dxe5 23. Bxa7 Rxa7 24. Qe3 Raa8 25. Kh2 a4 26. Bc2 h5 27. f3 h4 28. Rd2
Nxe2 29. Rexe2 Nh5 30. Re1 a3 31. b4 Kg7 32. Red1 Rfd8 33. Bb3 Kf6 34. Qb6 Rxd2
35. Rxd2 Ng3 36. Bc4 Nh5 37. b5 Rc8 38. Bb3 cxb5 39. Qxb5 Rxc3 40. Rd1 Rc6 41.
Ba4 Nf4 42. Rb1 Rd6 43. Qa5 Qd8 44. Qxd8+ Rxd8 45. Rxb7 Rd2 46. Be8 Rd8 47. Bd7
Ne2 48. Ba4 Nc1 49. Rc7 Nxa2 50. Bb3 Nb4 51. Ra7 Rd3 52. Rxa3 Nc2 53. Ra2 Rxb3
54. Rxc2 Rb1 55. Rc7 Rb2 56. Ra7 Rc2 57. Kg1 Rb2 58. Rd7 Rb1+ 59. Kf2 Rb2+ 60.
Kf1 Ra2 61. Kg1 Ra1+ 62. Kh2 Ra2 63. Rb7 Rc2 64. Rb8 Kf7 65. Rh8 Kg7 66. Rd8 Kf7
67. Rd7+ Kf6 68. Ra7 Rb2 69. Ra8 Kf7 70. Ra3 Ke7 71. Rd3 Ra2 72. Kg1 Ra1+ 73.
Kf2 Ra2+ 74. Kf1 Ra1+ 75. Ke2 Ra2+ 76. Kf1 Ra1+ 77. Kf2 Ra2+ 78. Kg1 Ra1+ 79.
Kh2 Ra2 80. Rd1 Kf6 81. Kh1 Ke7 82. Rg1 Rf2 83. Ra1 Rb2 84. Kg1 Kf6 85. Kf1 Ke7
86. Rd1 Ra2 87. Rd3 1/2-1/2

[Event "Sunway Sitges Online Open"]
[Site "chess.com INT"]
[Date "2020.04.26"]
[Round "8.42"]
[White "Bin-Suhayl, Ieysaa"]
[Black "De Souza Sa, Apolo"]
[Result "1-0"]
[WhiteElo "2193"]
[BlackElo "1920"]
[WhiteFideId "429031"]
[BlackFideId "324225390"]
[EventDate "2020.04.19"]

1. d4 Nf6 2. c4 g6 3. Nc3 d5 4. cxd5 Nxd5 5. e4 Nxc3 6. bxc3 Bg7 7. Nf3 c5 8.
Rb1 Nc6 9. d5 Na5 10. Bd2 c4 11. Bxc4 O-O 12. Bd3 Qc7 13. O-O Nc4 14. Bxc4 Qxc4
15. Qb3 Qxe4 16. Rbe1 Qg4 17. Rxe7 Bf5 18. Rfe1 b6 19. c4 Rac8 20. Rc1 Bf6 21.
Rxa7 Be4 22. h3 Qf5 23. Rb7 Ra8 24. Rxb6 Bxf3 25. Qxf3 Qxf3 26. gxf3 Bd4 27. Rb3
Rxa2 28. Be3 Be5 29. c5 Rd8 30. f4 Bb8 31. c6 1-0

[Event "Sunway Sitges Online Open"]
[Site "chess.com INT"]
[Date "2020.04.26"]
[Round "8.43"]
[White "Brodtkorb, Lars Johan"]
[Black "Baranciuc, Alexandr"]
[Result "0-1"]
[WhiteElo "2167"]
[BlackElo "2006"]
[WhiteFideId "1522728"]
[BlackFideId "13908669"]
[EventDate "2020.04.19"]

1. d4 Nf6 2. c4 c5 3. d5 e6 4. Nc3 exd5 5. cxd5 d6 6. e4 g6 7. Nf3 Bg7 8. Nd2
O-O 9. Be2 Re8 10. O-O Na6 11. Kh1 Nc7 12. a4 Rb8 13. f3 b6 14. Nc4 Ba6 15. Bg5
h6 16. Bh4 g5 17. Be1 Qd7 18. Ne3 Bxe2 19. Nxe2 Nh5 20. g4 Nf6 21. Nf5 Bf8 22.
b4 Red8 23. h4 Nh7 24. Neg3 Ne8 25. Nh5 b5 26. Bg3 cxb4 27. Nd4 bxa4 28. Nc6 a3
29. hxg5 hxg5 30. Qd4 Rb7 31. Bf2 Ng7 32. Ng3 Ne6 33. Qd2 Nc5 34. Rfb1 Rc8 35.
Nxb4 a5 36. Bxc5 Rxc5 37. Nc6 Bg7 38. Nf5 Bxa1 39. Rxa1 Rb2 40. Qd4 f6 41. Qa4
Nf8 42. Nce7+ Kf7 43. Qxa3 Rcc2 44. Qxa5 Ng6 45. Nc6 Nf4 0-1

[Event "Sunway Sitges Online Open"]
[Site "chess.com INT"]
[Date "2020.04.26"]
[Round "8.44"]
[White "Bojanic, Denis"]
[Black "Marinskii, Yurii"]
[Result "0-1"]
[WhiteElo "2011"]
[BlackElo "2142"]
[WhiteFideId "906816"]
[BlackFideId "34215425"]
[EventDate "2020.04.19"]

1. e4 c5 2. c3 d5 3. exd5 Qxd5 4. d4 Nc6 5. Nf3 Bg4 6. Nbd2 cxd4 7. Bc4 Bxf3 8.
Qb3 Qe5+ 9. Kf1 Bg4 10. Bxf7+ Kd8 11. f3 Na5 12. Qb4 Bd7 13. cxd4 Qb5+ 14. Qxb5
Bxb5+ 15. Kf2 Nh6 16. Be6 Bd7 17. Bd5 e6 18. Be4 Nf5 19. b4 0-1

[Event "Sunway Sitges Online Open"]
[Site "chess.com INT"]
[Date "2020.04.26"]
[Round "8.45"]
[White "Lopez Idarraga, Daniel Eduardo"]
[Black "Tanenbaum, Zachary"]
[Result "1-0"]
[WhiteTitle "FM"]
[WhiteElo "2009"]
[BlackElo "2137"]
[WhiteFideId "4405501"]
[BlackFideId "2060850"]
[EventDate "2020.04.19"]

1. c4 e5 2. Nc3 Nf6 3. Nf3 Nc6 4. e4 Bb4 5. d3 d6 6. a3 Ba5 7. b4 Bb6 8. Bg5 h6
9. Bxf6 Qxf6 10. Nd5 Qd8 11. Be2 O-O 12. Rc1 f5 13. a4 Nd4 14. a5 Nxf3+ 15. Bxf3
Bd4 16. O-O c6 17. Ne3 fxe4 18. Bxe4 Qg5 19. Qe2 Be6 20. a6 d5 21. axb7 Rab8 22.
cxd5 cxd5 23. Nxd5 Rxf2 24. Ne7+ Kh8 25. Ng6+ Kh7 26. Nf4+ Bf5 27. Rxf2 Qxf4 28.
Bxf5+ Qxf5 29. Rc7 Bxf2+ 30. Qxf2 Qxd3 31. h3 a6 32. Qf7 Qg6 33. Qd7 Qb6+ 34.
Kh2 Qf6 35. Rc8 Qf4+ 36. Kg1 Qe3+ 37. Kh1 Qf4 38. Qd5 Qf1+ 39. Kh2 Qf4+ 40. Kg1
e4 41. Qg8+ Kg6 42. Rc6+ Kh5 43. Qxg7 Rxb7 44. Rxh6+ Qxh6 45. Qg4# 1-0

[Event "Sunway Sitges Online Open"]
[Site "chess.com INT"]
[Date "2020.04.26"]
[Round "8.46"]
[White "Triboi, Alexander"]
[Black "Thrish, Karthik"]
[Result "1/2-1/2"]
[WhiteElo "1981"]
[BlackElo "2095"]
[WhiteFideId "13908162"]
[BlackFideId "46626433"]
[EventDate "2020.04.19"]

1. e4 e6 2. d4 d5 3. Nc3 Nc6 4. Nf3 Nf6 5. e5 Ne4 6. Bd3 Bb4 7. O-O Nxc3 8. bxc3
Bxc3 9. Rb1 Bb4 10. Ng5 Be7 11. Qh5 g6 12. Qh6 Bf8 13. Qh3 h6 14. c3 Bg7 15. Nf3
b6 16. Nh4 Ne7 17. g4 g5 18. Ng2 f6 19. Qh5+ Kd7 20. f4 Qe8 21. fxg5 Qxh5 22.
gxh5 fxg5 23. Rf7 Bf8 24. Ba3 Ke8 25. Rbf1 Nf5 26. Rxf8+ Rxf8 27. Bxf8 Kxf8 28.
Ne3 Kg7 29. Bxf5 exf5 30. Nxd5 Bb7 31. Nxc7 Rc8 32. Nb5 Bd5 33. Rxf5 Bxa2 34.
Rf2 Be6 35. Rf6 Bg4 36. d5 Rc5 37. c4 Rxc4 38. Nxa7 Rc5 39. Rd6 Bf3 40. Rd7+ Kf8
41. d6 Rxe5 42. Rh7 Ke8 43. Kf2 g4 44. Rxh6 Kd7 45. Kg3 Rf5 46. h3 1/2-1/2

[Event "Sunway Sitges Online Open"]
[Site "chess.com INT"]
[Date "2020.04.26"]
[Round "8.47"]
[White "Muzzi, Eduardo"]
[Black "Namitbir, Singh Walia"]
[Result "0-1"]
[WhiteTitle "CM"]
[WhiteElo "1906"]
[BlackElo "2093"]
[WhiteFideId "3001253"]
[BlackFideId "35071068"]
[EventDate "2020.04.19"]

1. d4 d5 2. Nf3 Nf6 3. Bg5 Bf5 4. Nbd2 Nbd7 5. e3 e6 6. Be2 h6 7. Bh4 Be7 8. O-O
O-O 9. Ne5 Nxe5 10. dxe5 Nd7 11. Bg3 c5 12. Bd3 Bxd3 13. cxd3 Qb6 14. Qh5 Qxb2
15. Nf3 Qa3 16. Rfd1 Rfd8 17. Bf4 Nf8 18. g4 Ng6 19. h4 c4 20. g5 Nxf4 21. exf4
g6 22. Qg4 h5 23. Qh3 c3 24. Nd4 Qa4 25. Nxe6 Qd7 26. f5 fxe6 27. fxe6 Qc6 28.
Rac1 Rac8 29. d4 b5 30. Rd3 b4 31. Rf3 Rf8 32. Rf6 Bxf6 33. gxf6 Kh7 34. e7 Rf7
35. Kh1 Re8 36. Re1 Qc8 37. Qf3 Rexe7 38. Qxd5 Rxf6 0-1

[Event "Sunway Sitges Online Open"]
[Site "chess.com INT"]
[Date "2020.04.26"]
[Round "8.48"]
[White "Amburgy, Ryan"]
[Black "Hamley, Ryan"]
[Result "0-1"]
[WhiteElo "1846"]
[BlackElo "2089"]
[WhiteFideId "30924820"]
[BlackFideId "30959497"]
[EventDate "2020.04.19"]

1. d4 Nf6 2. Nc3 d5 3. Bf4 c5 4. e3 cxd4 5. exd4 a6 6. Nf3 Bg4 7. h3 Bxf3 8.
Qxf3 Nc6 9. O-O-O e6 10. Be2 Bb4 11. Nb1 O-O 12. c3 Bd6 13. Bg5 Be7 14. Bd3 b5
15. a3 Rc8 16. Bc2 Na5 17. g4 Nc4 18. h4 a5 19. Qd3 g6 20. Bxf6 Bxf6 21. f4 b4
22. axb4 axb4 23. h5 bxc3 24. b3 Qd6 25. Rdf1 Nb2 26. Qe3 Rc7 27. hxg6 fxg6 28.
g5 Bh8 29. Rh4 Qb6 30. Re1 Bxd4 31. Qxe6+ Qxe6 32. Rxe6 Bf2 33. Rh3 d4 34. Na3
Ra7 35. Nb5 Ra1+ 36. Bb1 Rc8 37. Nxc3 dxc3 38. Rxc3 Rxc3+ 39. Kxb2 Bd4 40. Kxa1
Rc2# 0-1

[Event "Sunway Sitges Online Open"]
[Site "chess.com INT"]
[Date "2020.04.26"]
[Round "8.49"]
[White "Zilleruelo Irizarry, Diego"]
[Black "McKennis, Darren"]
[Result "1-0"]
[WhiteElo "2081"]
[BlackElo "1735"]
[WhiteFideId "3101460"]
[BlackFideId "7402872"]
[EventDate "2020.04.19"]

1. e4 c6 2. d4 d5 3. e5 Bf5 4. g4 Be4 5. f3 Bg6 6. h4 h5 7. g5 e6 8. Ne2 Ne7 9.
Nbc3 Nd7 10. Nf4 Bf5 11. Nce2 c5 12. c3 Qc7 13. Ng3 g6 14. Bd2 Qb6 15. Qb3 Qxb3
16. axb3 Bc2 17. b4 cxd4 18. cxd4 Nc6 19. Bc3 Nxb4 20. Kd2 Bb3 21. Ra3 Bc4 22.
Bxc4 dxc4 23. Ra4 Nd5 24. Nxd5 exd5 25. f4 Nb6 26. Ra5 Kd7 27. f5 Be7 28. Rf1 a6
29. Raa1 Raf8 30. Ne2 gxf5 31. Rxf5 Ke6 32. Raf1 Nc8 33. R5f3 Kd7 34. Rxf7 Rxf7
35. Rxf7 b6 36. Ke3 Rf8 37. Rxf8 Bxf8 38. Ng3 Ke6 39. Nxh5 Ne7 40. Nf4+ Kf7 41.
h5 a5 42. Kf3 Bg7 43. Kg4 Ke8 44. h6 Bf8 45. Bd2 Kf7 46. Kh5 a4 47. Bb4 Ng6 48.
Nxg6 Bxb4 49. h7 a3 50. h8=Q axb2 51. Qc8 b1=Q 52. e6+ 1-0

[Event "Sunway Sitges Online Open"]
[Site "chess.com INT"]
[Date "2020.04.26"]
[Round "8.50"]
[White "Dewangan, Aayush"]
[Black "Kejzar, Petra"]
[Result "1-0"]
[WhiteElo "1480"]
[BlackElo "2057"]
[WhiteFideId "469700"]
[BlackFideId "14610213"]
[EventDate "2020.04.19"]

1. e4 c5 2. Nf3 d6 3. d4 cxd4 4. Nxd4 Nf6 5. Nc3 a6 6. Be3 e6 7. Be2 Be7 8. f4
Qc7 9. Bf3 Nc6 10. Qe2 O-O 11. O-O-O Nd7 12. g4 Rb8 13. h4 b5 14. Nxc6 Qxc6 15.
h5 b4 16. e5 d5 17. Nxd5 exd5 18. Bxd5 Qc7 19. e6 Nf6 20. exf7+ Kh8 21. h6 Nxd5
22. hxg7+ Kxg7 23. Qd3 Kxf7 24. Rxh7+ Ke8 25. Qg6+ Kd8 26. Rxd5+ Bd7 27. f5 Qb7
28. Rd4 Rc8 29. Rxe7 1-0

[Event "Sunway Sitges Online Open"]
[Site "chess.com INT"]
[Date "2020.04.26"]
[Round "8.51"]
[White "Stephenson, John"]
[Black "Prigodin, Ruslan"]
[Result "1/2-1/2"]
[WhiteElo "1629"]
[BlackElo "2036"]
[WhiteFideId "7404409"]
[BlackFideId "12801550"]
[EventDate "2020.04.19"]

1. Nf3 d5 2. c4 e6 3. g3 Nf6 4. Bg2 dxc4 5. Qa4+ Nbd7 6. Qxc4 c5 7. Qb3 Rb8 8.
d3 Bd6 9. a4 b6 10. Na3 a6 11. O-O Bb7 12. Nc4 Bc7 13. Bd2 O-O 14. Qa3 a5 15.
Rfd1 e5 16. Bc3 Re8 17. e3 Qe7 18. Re1 e4 19. dxe4 Nxe4 20. Rad1 Red8 21. Qb3
Qe6 22. Nfd2 Nxc3 23. bxc3 Bxg2 24. Kxg2 Ne5 25. Nxe5 Qxb3 26. Nxb3 Bxe5 27. c4
Bc3 28. Rf1 Kf8 29. Kf3 Ke7 30. Nc1 f5 31. Ne2 Be5 32. Nf4 Bxf4 33. Kxf4 Kf6 34.
h4 g6 35. Rfe1 h6 36. Rf1 g5+ 37. hxg5+ hxg5+ 38. Kf3 Ke5 39. Rh1 Rxd1 40. Rxd1
g4+ 41. Ke2 Rh8 42. Rd5+ Ke6 43. Rd1 1/2-1/2

[Event "Sunway Sitges Online Open"]
[Site "chess.com INT"]
[Date "2020.04.26"]
[Round "8.52"]
[White "Kardoeus, David"]
[Black "Daakshin, Arun"]
[Result "0-1"]
[WhiteElo "2197"]
[BlackElo "1758"]
[WhiteFideId "12912050"]
[BlackFideId "366195016"]
[EventDate "2020.04.19"]

1. e4 c5 2. Nf3 d6 3. d4 cxd4 4. Nxd4 Nf6 5. Nc3 a6 6. Bg5 e6 7. f4 h6 8. Bh4
Qb6 9. Bxf6 gxf6 10. Qd3 Nc6 11. Nb3 Bd7 12. O-O-O Rc8 13. Be2 Nb4 14. Qh3 a5
15. Kb1 a4 16. Nd4 a3 17. b3 Qc5 18. Bc4 e5 19. Bb5 Qxb5 20. Ndxb5 Bxh3 21. gxh3
Rg8 22. Rd2 Be7 23. f5 Rc5 24. Rhd1 Kf8 25. Re1 h5 26. Rf2 d5 27. exd5 Nxd5 28.
Nxd5 Rxd5 29. c4 Rd3 30. Kc2 Rxh3 31. Rd1 e4 32. Re2 Rg5 33. Rf1 Rf3 34. Ref2
Rxf2+ 35. Rxf2 Bc5 36. Re2 Rxf5 37. Nc3 e3 38. Nd5 b5 39. Kd3 Ba7 40. Nxe3 Bxe3
41. Kxe3 bxc4 42. bxc4 Re5+ 43. Kf3 Rxe2 44. Kxe2 Ke7 45. Kf3 Kd6 46. Kg3 Kc5
47. Kh4 Kxc4 48. Kxh5 Kc3 49. Kg4 Kb2 50. h4 Kxa2 51. h5 Kb1 52. h6 a2 53. h7
a1=Q 54. h8=Q f5+ 0-1

[Event "Sunway Sitges Online Open"]
[Site "chess.com INT"]
[Date "2020.04.26"]
[Round "8.53"]
[White "Bail, Ellen Larissa"]
[Black "Milikow, Elie"]
[Result "1/2-1/2"]
[BlackTitle "CM"]
[WhiteElo "1848"]
[BlackElo "2198"]
[WhiteFideId "2142171"]
[BlackFideId "371281868"]
[EventDate "2020.04.19"]

1. d4 Nf6 2. c4 g6 3. Nc3 Bg7 4. Nf3 O-O 5. Bg5 c5 6. e3 d6 7. Be2 Nc6 8. O-O h6
9. Bh4 g5 10. Bg3 Nh5 11. dxc5 Nxg3 12. hxg3 dxc5 13. Qc2 e6 14. g4 b6 15. Rad1
Qe7 16. Ne4 Rd8 17. Ng3 Qf6 18. Rxd8+ Nxd8 19. Rd1 Bb7 20. b3 Nc6 21. Rd7 Nb4
22. Qd1 Bc6 23. Nh5 Qa1 24. Nxg7 Qxd1+ 25. Rxd1 Kxg7 26. Ne5 Kf6 27. Nxc6 Nxc6
28. Bf3 Rd8 29. Rxd8 Nxd8 30. Kf1 Ke5 31. Ke2 f5 32. gxf5 exf5 33. Bd5 Ne6 34.
g3 g4 35. a3 1/2-1/2

[Event "Sunway Sitges Online Open"]
[Site "chess.com INT"]
[Date "2020.04.26"]
[Round "8.55"]
[White "Hernandez Torralba, Jose Joaquin"]
[Black "Saravana, Vedant Kumar"]
[Result "1-0"]
[WhiteElo "2088"]
[BlackElo "1735"]
[WhiteFideId "32030770"]
[BlackFideId "45059730"]
[EventDate "2020.04.19"]

1. e4 e5 2. d4 exd4 3. Qxd4 Nc6 4. Qe3 d6 5. Nc3 g6 6. h4 Nf6 7. Bd2 Bg7 8.
O-O-O Be6 9. Qg3 Ng4 10. Nh3 Nf6 11. Nf4 Qd7 12. h5 O-O-O 13. Bb5 Bh6 14. hxg6
hxg6 15. Rxh6 Rxh6 16. Nxe6 Nh5 17. Qg5 Rdh8 18. Nd4 R6h7 19. Be3 Re8 20. Nxc6
bxc6 21. Ba6+ Kb8 22. Qa5 c5 23. Bxc5 Qc6 24. Bxa7+ Ka8 25. Bb5 Qb7 26. Be3+ Kb8
27. Bxe8 1-0

[Event "Sunway Sitges Online Open"]
[Site "chess.com INT"]
[Date "2020.04.26"]
[Round "8.56"]
[White "Sanchez Martinez, Andres"]
[Black "Zheng, Harry Z"]
[Result "1-0"]
[WhiteElo "2080"]
[BlackElo "1685"]
[WhiteFideId "2266458"]
[BlackFideId "460982"]
[EventDate "2020.04.19"]

1. d4 Nf6 2. c4 e6 3. Nc3 Bb4 4. Nf3 O-O 5. g3 b6 6. Bg2 Ba6 7. Ne5 c6 8. O-O
Bxc3 9. bxc3 d5 10. Qa4 b5 11. Qa3 bxc4 12. Nxc6 Nxc6 13. Qxa6 Qb6 14. Qa4 Rfc8
15. Qc2 Rab8 16. h3 h6 17. Kh1 Ne7 18. g4 Ng6 19. f3 Qd6 20. e4 Qb6 21. e5 Nd7
22. f4 Nh4 23. f5 f6 24. exf6 Nxf6 25. g5 hxg5 26. Bxg5 Nxf5 27. Rxf5 exf5 28.
Qxf5 Rd8 29. Rg1 Kh8 30. Qf2 Rd7 31. Qh4+ Nh7 32. Bf4 Rf8 33. Be5 Qd8 34. Qg4
Rdf7 35. h4 Qd7 36. Qg6 Qf5 37. Qxf5 Rxf5 38. Bxd5 Nf6 39. Bxc4 Rh5 40. Bxf6
Rxf6 41. Rg4 Rc6 42. d5 Rch6 43. Bb3 Rxh4+ 44. Rxh4 Rxh4+ 45. Kg2 Kg8 46. c4 Kf8
47. d6 Ke8 48. c5 Rd4 49. Kf3 Rxd6 50. cxd6 Kd7 51. Kf4 Kxd6 52. Kf5 Kc7 53. Kg6
Kb8 54. Kxg7 Ka8 55. Kf6 Kb8 56. Ke6 Ka8 57. Kd6 Kb8 58. Bd5 Kc8 59. Kc5 Kb8 60.
Kb5 Kc7 61. Ka6 Kb8 62. Bb7 Kc7 63. Kxa7 Kd8 64. Kb6 Ke7 65. a4 Kf6 66. a5 Kg5
67. a6 Kg4 68. a7 Kg3 69. a8=Q Kh2 70. Qa3 Kg1 71. Qb2 Kf1 72. Bc8 Kg1 73. Kc5
Kh1 74. Bh3 Kg1 75. Qg2# 1-0

[Event "Sunway Sitges Online Open"]
[Site "chess.com INT"]
[Date "2020.04.26"]
[Round "8.57"]
[White "Venkat, Abhyudhaya"]
[Black "Borchert, Stephan"]
[Result "1-0"]
[WhiteElo "1817"]
[BlackElo "2077"]
[WhiteFideId "2083949"]
[BlackFideId "16212746"]
[EventDate "2020.04.19"]

1. d4 Nf6 2. c4 g6 3. g3 Bg7 4. Bg2 d6 5. Nc3 O-O 6. Nf3 Nc6 7. O-O Bf5 8. d5
Na5 9. Nd2 c5 10. e4 Bg4 11. Qc2 a6 12. b3 b5 13. Bb2 Qd7 14. Nd1 Bxd1 15. Raxd1
Rab8 16. f4 bxc4 17. Nxc4 Nxc4 18. Qxc4 Qa7 19. e5 Nd7 20. Rde1 Rb4 21. Qe2 c4+
22. Kh1 cxb3 23. a3 Rb7 24. h4 Rc8 25. e6 Nc5 26. f5 f6 27. fxg6 hxg6 28. h5 g5
29. Qg4 Nd3 30. Re2 Rc2 31. Be4 Rxe2 32. Qxe2 Nxb2 33. h6 Qd4 34. Qg4 f5 35.
Qxf5 1-0

[Event "Sunway Sitges Online Open"]
[Site "chess.com INT"]
[Date "2020.04.26"]
[Round "8.58"]
[White "Wang, Shanshan"]
[Black "Adireddy, Arjun"]
[Result "1/2-1/2"]
[WhiteElo "2075"]
[BlackElo "1658"]
[WhiteFideId "8605262"]
[BlackFideId "25647709"]
[EventDate "2020.04.19"]

1. e4 c5 2. Nf3 d6 3. Bb5+ Nd7 4. d4 Nf6 5. e5 Qa5+ 6. Nc3 Ne4 7. Bd2 Nxc3 8.
Bxd7+ Bxd7 9. Bxc3 Qa6 10. exd6 exd6 11. dxc5 dxc5 12. Ne5 O-O-O 13. Nxf7 Qe6+
14. Ne5 Bc6 15. Qg4 Qxg4 16. Nxg4 Bxg2 17. Rg1 Be4 18. Ne3 Bg6 19. Rg5 Be7 20.
Rg4 Rhg8 21. a4 Bd6 22. h3 Rd7 23. Rg5 b6 24. O-O-O Bf4 25. Rxd7 Kxd7 26. Rg4
Bxe3+ 27. fxe3 Rf8 28. Rf4 Rxf4 29. exf4 Bf5 30. Bxg7 Bxh3 31. c4 Bf5 32. Kd2 h5
33. Bf6 a6 34. Bg5 Kc6 35. Kc3 b5 36. axb5+ axb5 37. cxb5+ Kxb5 38. b3 Be6 39.
Be7 Bf5 40. Bf6 Be6 41. Be7 Bf5 1/2-1/2

[Event "Sunway Sitges Online Open"]
[Site "chess.com INT"]
[Date "2020.04.26"]
[Round "8.59"]
[White "Slade, Theodore"]
[Black "Perez Estevez, Sergio"]
[Result "0-1"]
[WhiteElo "2057"]
[BlackElo "1508"]
[WhiteFideId "426547"]
[BlackFideId "54552311"]
[EventDate "2020.04.19"]

1. d4 Nf6 2. c4 e6 3. g3 d5 4. Bg2 dxc4 5. Nf3 Bb4+ 6. Bd2 a5 7. O-O O-O 8. Qc2
Bxd2 9. Nbxd2 b5 10. a4 c6 11. b3 cxb3 12. Nxb3 b4 13. Ne5 Nd5 14. Nxc6 Nxc6 15.
Qxc6 Ba6 16. Rfe1 Qc8 17. Rac1 Qxc6 18. Rxc6 Nc3 19. e3 Bb7 20. Rxc3 Bxg2 21.
Rc5 Be4 22. Rxa5 Bc2 23. Rxa8 Rxa8 24. Nc5 b3 25. Nxb3 Bxb3 26. f3 h6 27. Re2
Bd1 28. Rf2 Rxa4 29. Kg2 Bb3 30. Kh3 Ra2 31. Rf1 Bc4 32. Rc1 Be2 33. Kg4 g5 34.
h4 Kg7 35. hxg5 hxg5 36. Kxg5 Bxf3 37. Kf4 Ba8 38. Re1 Rf2+ 39. Kg4 Kg6 40. Ra1
f5+ 41. Kh3 Bf3 42. g4 Bxg4+ 43. Kh4 Rh2+ 44. Kg3 Rh3+ 45. Kf2 Rf3+ 46. Ke2 f4
47. exf4 Ra3+ 48. Kf2 Rxa1 49. Kg3 Kf5 50. d5 Ra3+ 51. Kh4 Rh3# 0-1

[Event "Sunway Sitges Online Open"]
[Site "chess.com INT"]
[Date "2020.04.26"]
[Round "8.60"]
[White "Al Mutlaq, Ibrahim A"]
[Black "Sanchez Arevalo, Luis"]
[Result "1-0"]
[WhiteElo "1560"]
[BlackElo "2019"]
[WhiteFideId "21504610"]
[BlackFideId "2276950"]
[EventDate "2020.04.19"]

1. e4 c6 2. d4 d5 3. e5 Bf5 4. g4 Be4 5. f3 Bg6 6. e6 Qd6 7. exf7+ Bxf7 8. f4 h5
9. g5 Bg6 10. Bd3 Bxd3 11. Qxd3 Nd7 12. Nf3 O-O-O 13. Be3 e6 14. Nc3 Ne7 15. Ne5
Nxe5 16. dxe5 Qb8 17. Ne2 Nf5 18. O-O-O c5 19. Ng3 Nxe3 20. Qxe3 g6 21. Qd3 Rg8
22. Ne4 c4 23. Qd4 b6 24. Nf6 Bc5 25. Qc3 Rg7 26. Qh3 Kb7 27. Qxe6 Be3+ 28. Kb1
Bxf4 29. Rxd5 Bxg5 30. Rhd1 Rc8 31. Ne4 Re7 32. Nd6+ Kc7 33. Qxg6 Rg8 34. Nb5+
Kb7 35. Qe4 Rc8 36. Nd6+ Ka6 37. R1d3 Qxd6 38. Rxd6 cxd3 39. Rxd3 Rec7 40. Ra3+
Kb5 41. Qa4+ Kc5 42. Rc3+ Kd5 43. Rd3+ Ke6 44. Rd6+ Kf5 45. c3 Rf8 46. Qd4 Be7
47. Qd5 Rc5 48. Qe6+ Ke4 49. Qxe7 Rf1+ 50. Kc2 Rf2+ 51. Rd2 Rf5 52. Rd4+ Ke3 53.
Rd3+ Ke4 54. Qh4+ Kxe5 55. Qd4+ Ke6 56. Re3+ Kf7 57. Qd7+ Kg6 58. Qe6+ Kh7 59.
Qe7+ Kh8 60. Qe8+ Kh7 61. Re7+ Kh6 62. Re6+ Kg5 63. Qg6+ Kf4 64. Qg3# 1-0

[Event "Sunway Sitges Online Open"]
[Site "chess.com INT"]
[Date "2020.04.26"]
[Round "8.61"]
[White "McDermott, Peter John"]
[Black "Pala, Giorgio"]
[Result "1-0"]
[WhiteElo "1798"]
[BlackElo "1998"]
[WhiteFideId "7404948"]
[BlackFideId "852406"]
[EventDate "2020.04.19"]

1. Nf3 f5 2. e4 fxe4 3. Ng5 Nf6 4. d3 e5 5. dxe4 h6 6. Nf3 Nc6 7. Bc4 Bc5 8. O-O
d6 9. c3 Bg4 10. b4 Bb6 11. Nbd2 Qd7 12. Qb3 Nd8 13. Be2 Be6 14. Qc2 O-O 15. Nc4
Nc6 16. a4 Qf7 17. Qd3 Bxc4 18. Qxc4 a6 19. Qxf7+ Kxf7 20. Bc4+ Kg6 21. Re1 Kh7
22. Be3 Bxe3 23. Rxe3 Ne7 24. Be6 Nh5 25. g3 Rae8 26. a5 Nf6 27. Nh4 g6 28. Rf1
Nc6 29. Bb3 Nd8 30. Bc2 Kg7 31. Ree1 Nh5 32. Bd1 Nf6 33. Bc2 Nh5 34. Ng2 Ne6 35.
Bd1 Nf6 36. f4 exf4 37. gxf4 Nd8 38. Bf3 Nd7 39. Bg4 Re7 40. h4 h5 41. Bf3 Rfe8
42. Re2 Nf6 43. Rfe1 Nc6 44. Ne3 Kg8 45. Nc2 Kg7 46. Nd4 Nxd4 47. cxd4 c6 48.
Kg2 Nd7 49. e5 dxe5 50. dxe5 Nf8 51. Rd2 Ne6 52. Kg3 Rf8 53. Re4 Ref7 54. Rd6
Nxf4 55. e6 Nxe6 56. Bxh5 gxh5 57. Rexe6 Rf3+ 58. Kg2 Rf2+ 59. Kg1 R2f6 60. Kg2
Kg6 61. Kg3 Rxe6 62. Rxe6+ Rf6 63. Rxf6+ Kxf6 64. Kf4 Ke6 65. Kg5 Kd5 66. Kxh5
Kc4 67. Kg6 Kxb4 68. h5 Kxa5 69. h6 Kb4 70. h7 a5 71. h8=Q a4 72. Qb2+ Ka5 73.
Qxb7 a3 74. Qxc6 Kb4 75. Qc1 Kb3 76. Qa1 1-0

[Event "Sunway Sitges Online Open"]
[Site "chess.com INT"]
[Date "2020.04.26"]
[Round "8.62"]
[White "Bhandari, Neel"]
[Black "Silva, Pedro Gil Ferreira Da"]
[Result "0-1"]
[WhiteElo "1412"]
[BlackElo "1994"]
[WhiteFideId "5824060"]
[BlackFideId "1946102"]
[EventDate "2020.04.19"]

1. e4 c6 2. d4 g6 3. c4 Bg7 4. f4 d5 5. e5 h5 6. Nf3 Nh6 7. Be2 Bg4 8. Be3 Nf5
9. Bf2 Bxf3 10. Bxf3 e6 11. O-O Bf8 12. Nd2 Be7 13. cxd5 cxd5 14. Qb3 Qb6 15.
Qxb6 axb6 16. Rac1 Nc6 17. a3 Nfxd4 18. Bxd4 Nxd4 19. Rc7 Rb8 20. Bd1 Nc6 21.
Ba4 Kd8 22. Rxc6 bxc6 23. Bxc6 Rc8 24. Ba4 Bc5+ 25. Kh1 Ke7 26. Rf3 Bd4 27. Nf1
Bxb2 28. Rb3 Rc1 29. Bb5 Bd4 30. Rd3 Rxf1# 0-1